One Piece : les empereurs (Yonkos) - Statistiques

Statistiques générales
  • Ce quiz a été pris 158 fois
  • Le résultat moyen est 7 sur 7
Statistiques - réponses
Yonko % Correct
Big Mom
99%
Kaido
99%
Barbe Blanche
98%
Luffy
98%
Shanks
98%
Barbe Noire
97%
Baggy
95%
Aucun quiz correspondant
Distribution des résultats
% des personnes avec chaque résultat
Percentile par nombre de réponses
Votre historique - résultats
Vous n’avez pas pris ce quiz